000 01290nac a22003491i 4500
003 EG-ScBUE
005 20260419110844.0
008 260419s2006 ne abc f b 001 0 eng d
020 _a9780444521613
020 _a0444521615
040 _aEG-ScBUE
_beng
_erda
_cEG-ScBUE
_dEG-ScBUE
082 0 4 _a551.303015118
_bSHA
_222
100 1 _aShanmugam, G.,
_eauthor.
245 1 0 _aDeep-water processes and facies models :
_bimplications for sandstone petroleum reservoirs /
_cDr. G. Shanmugam.
250 _aFirst edition.
264 1 _aAmsterdam ;
_aOxford :
_bElsevier,
_c2006.
300 _axix, 476 pages :
_billustrations (some color), maps (some color), portrait ;
_c25 cm +
_e1 CD.
336 _2rdacontent
_atext
_btxt
336 _asounds
_bsnd
_2rdacontent
337 _aunmediated
_2rdamedia
_bn
337 _aaudio
_2rdamedia
_bs
338 _avolume
_bnc
_2rdacarrier
338 _acomputer disc
_bcd
_2rdacarrier
490 0 _aHandbook of petroleum exploration and production ;
_v5
504 _aIncludes bibliographical references and index.
650 7 _aSedimentation and deposition.
_2BUEsh
650 7 _aMarine sediments.
_2BUEsh
650 7 _aGeological modeling.
_2BUEsh
650 7 _aPetroleum
_xGeology.
_2BUEsh
655 _vReading book
942 _cBB
_2ddc
999 _c6291
_d6291